000 00733nam a22002535i 4500
001 10711
003 ES-MaACL
005 20240508125249.0
007 t|
008 940315s1994 sp ||||0| spa j
020 _a8486351529
040 _aM-BN
_bspa
_cM-BN
080 _a860-14"19"
100 1 _aFuentes Labrador, Juan Luis.
_952930
245 1 0 _aMemorial para hallarte en el espejo /
_cJuan Luis Fuentes Labrador.
250 _a[1ª ed].
260 _aHumanes, Madrid :
_bJuan Pastor,
_c1994.
300 _a118 p. ;
_c20 cm.
490 1 _aDevenir ;
_v72
830 0 0 _aDevenir.
_pSerie Poesía ;
_v72
_9236243
852 _aES-MaACL
_jP-1931 N 72
_bR.122652
_911004
942 _2udc
999 _c10711
_d10711